| 000 | 00379nam a2200145Ia 4500 | ||
|---|---|---|---|
| 008 | 180315s9999||||xx |||||||||||||| ||und|| | ||
| 082 |
_aWO 141 _bBUR |
||
| 100 | _aBurkitt,George H. | ||
| 245 | 0 |
_aEssential Surgery _cBurkitt,George H. |
|
| 250 | _a4th | ||
| 260 |
_aEdinburgh _bChurchill Livingstone Elsevier _c2007 |
||
| 300 | _a793 | ||
| 650 | _aSurgery ,diagnosis | ||
| 942 | _cBK | ||
| 999 |
_c5956 _d5956 |
||